[Event "SVK-ch U08 Girls"]
[Site "Dudince"]
[Date "2023.04.23"]
[Round "9"]
[White "Veselska, Veronika"]
[Black "Stricova, Viktoria Lea"]
[Result "0-1"]
[WhiteElo "1000"]
[BlackElo "1106"]
[PlyCount "24"]
[EventDate "2023.04.16"]
[EventType "swiss"]
[EventRounds "9"]
[EventCountry "SVK"]
[SourceTitle "CBM 213 Extra"]
[Source "ChessBase"]
[SourceDate "2023.05.31"]
[SourceVersion "1"]
[SourceVersionDate "2023.05.31"]
[SourceQuality "1"]

1. e4 e5 2. Bc4 Nf6 3. Nf3 Nxe4 4. Nxe5 d5 5. Bb5+ c6 6. Bd3 Qe7 7. f3 Nf6 8. c4 Qxe5+ 9. Kf2 Bc5+ 10. Kf1 0-0 11. Be2 Qd4 12. Nc3 Qf2# 0-1

[Event "SVK-ch U08 Girls"]
[Site "Dudince"]
[Date "2023.04.22"]
[Round "8"]
[White "Plancarova, Monika"]
[Black "Veselska, Veronika"]
[Result "1-0"]
[WhiteElo "1091"]
[BlackElo "1000"]
[PlyCount "27"]
[EventDate "2023.04.16"]
[EventType "swiss"]
[EventRounds "9"]
[EventCountry "SVK"]
[SourceTitle "CBM 213 Extra"]
[Source "ChessBase"]
[SourceDate "2023.05.31"]
[SourceVersion "1"]
[SourceVersionDate "2023.05.31"]
[SourceQuality "1"]

1. e4 e5 2. Nf3 Nc6 3. Bc4 Bb4 4. a3 Bxd2+ 5. Bxd2 Nd4 6. Nxe5 Nxc2+ 7. Qxc2 Nf6 8. 0-0 Nxe4 9. Qxe4 0-0 10. Nc3 g6 11. Bh6 Re8 12. Qd4 d6 13. Ng4 Re1 14. Qg7# 1-0

[Event "SVK-ch U08 Girls"]
[Site "Dudince"]
[Date "2023.04.20"]
[Round "6"]
[White "Huttova, Karolina"]
[Black "Veselska, Veronika"]
[Result "1-0"]
[WhiteElo "1000"]
[BlackElo "1000"]
[PlyCount "67"]
[EventDate "2023.04.16"]
[EventType "swiss"]
[EventRounds "9"]
[EventCountry "SVK"]
[SourceTitle "CBM 213 Extra"]
[Source "ChessBase"]
[SourceDate "2023.05.31"]
[SourceVersion "1"]
[SourceVersionDate "2023.05.31"]
[SourceQuality "1"]

1. e4 e5 2. Nf3 Bc5 3. Nxe5 Qe7 4. d4 Bb4+ 5. Bd2 Bd6 6. Bf4 Bb4+ 7. c3 Bxc3+ 8. Nxc3 Nf6 9. Bg5 Qb4 10. Be2 d6 11. Nd3 Nxe4 12. Bd2 Nxf2 13. Kxf2 Qb6 14. Be3 Qc6 15. Nb4 Qd7 16. Bg4 Qe7 17. Ncd5 Qd7 18. Bxd7+ Bxd7 19. Nxc7+ Kf8 20. Nxa8 Bg4 21. Qxg4 d5 22. Qc8+ Ke7 23. Qxh8 Nd7 24. Nxd5+ Kd6 25. Nf4 Nf6 26. Qxg7 Nh5 27. Qh6+ Kd7 28. Qxh5 Kd6 29. Qd5+ Ke7 30. Rhe1 b5 31. Bd2+ Kf8 32. Qg5 h6 33. Qg3 h5 34. Bb4# 1-0

[Event "SVK-ch U08 Girls"]
[Site "Dudince"]
[Date "2023.04.17"]
[Round "3"]
[White "Veselska, Veronika"]
[Black "Dlugosova, Laura"]
[Result "0-1"]
[WhiteElo "1000"]
[BlackElo "1000"]
[PlyCount "90"]
[EventDate "2023.04.16"]
[EventType "swiss"]
[EventRounds "9"]
[EventCountry "SVK"]
[SourceTitle "CBM 213 Extra"]
[Source "ChessBase"]
[SourceDate "2023.05.31"]
[SourceVersion "1"]
[SourceVersionDate "2023.05.31"]
[SourceQuality "1"]

1. e4 e5 2. Nf3 Nc6 3. d4 exd4 4. Nxd4 Nxd4 5. Qxd4 Bb4+ 6. Qxb4 a5 7. Qc3 Qe7 8. Be3 d6 9. Qd2 Bg4 10. Qc1 Nf6 11. Nc3 Qd7 12. Bc4 0-0 13. 0-0 Nh5 14. g3 Rfe8 15. Bxf7+ Qxf7 16. Nd5 Rec8 17. Nb6 Rcb8 18. Nxa8 Rxa8 19. Bg5 Qg6 20. Bd2 Re8 21. Bxa5 b6 22. Bd2 Rxe4 23. f3 Re6 24. f4 Re8 25. f5 Rf8 26. fxg6 Rxf1+ 27. Kxf1 hxg6 28. Bh6 gxh6 29. Qxh6 Kf7 30. Qg5 Kg7 31. Re1 c5 32. Re7+ Kg8 33. Qd5+ Kf8 34. Ke1 Kxe7 35. a4 Kd7 36. a5 bxa5 37. b4 axb4 38. c4 b3 39. Qb7+ Ke8 40. h3 Bxh3 41. g4 Bxg4 42. Qb8+ Ke7 43. Qxb3 Ke6 44. Qb7 Nf4 45. Qb6 Nd3+ 0-1